000 00473nam a2200169 a 4500
005 20260507135447.0
008 260507s2026##################000#0#eng##
020 _a9781841130255
_qhbk
041 _aeng
082 0 4 _a341.2422 SNY
245 1 0 _aThe Europeanisation of Law
_bThe Legal Effects of European Integration
260 _aNorth America
_bHart Publishing c/o
_c2000
300 _a348p. :
_c20cm
504 _aindex
650 _aLaw of nations
942 _cENGLISH
999 _c622784
_d622784